Tu Cher dalle stelle

Salvato in:
Dettagli Bibliografici
Autore principale: Bianchi, Matteo B.
Natura: Libro
Lingua:inglese
Tags: Aggiungi Tag
Nessun Tag, puoi essere il primo ad aggiungerne!!

MARC

LEADER 00000nam a2200000 4500
001 CDOM0000003764
003 mi
005 20251017202813.0
008 250731b |||||||| |||| 00| 0 eng d
040 |c mi 
100 |a Bianchi, Matteo B. 
245 1 |a Tu Cher dalle stelle  
942 |2 ddc  |c BK 
952 |0 0  |1 0  |2 ddc  |4 0  |7 0  |9 6979  |a MI  |b MI  |d 2009-08-28  |i 5483  |l 0  |p CDOM5483  |r 2025-07-13 16:28:00  |w 2025-07-13  |x ACQUISTO  |y BK 
999 |c 5698  |d 5698